000 01019cam a2200289zu 4500
001 10104444
003 FRCYB10104444
005 20251020123046.0
006 m o d
007 cr un
008 251020s2005 fr | o|||||0|0|||fre d
020 _a9782846701075
035 _aFRCYB10104444
040 _aFR-PaCSA
_bfr
_c
_erda
100 1 _aAllemand, Sylvain
245 0 1 _aLa Mondialisation
_c['Allemand, Sylvain', 'Ruano-Borbalan, Jean-Claude']
264 1 _bLe Cavalier Bleu éditions
_c2005
300 _a p.
336 _btxt
_2rdacontent
337 _bc
_2rdamdedia
338 _bc
_2rdacarrier
650 0 _a
700 0 _aAllemand, Sylvain
700 0 _aRuano-Borbalan, Jean-Claude
856 4 0 _2Cyberlibris
_uhttps://international.scholarvox.com/netsen/book/10104444
_qtext/html
_a
520 _aÉconomique, politique, sociale, culturelle, la mondialisation est partout. Détracteurs et défenseurs alimentent le débat, parfois à grand renfort d'idées reçues…
999 _c1552890
_d1552890